| 000 | 00576nam a2200193Ia 4500 | ||
|---|---|---|---|
| 003 | GCL | ||
| 008 | 140319s9999 xx 000 0 ara d | ||
| 040 |
_aGCL / _cGCL |
||
| 082 | 0 | 4 |
_a135.3 _bف ت |
| 100 | 1 | _aفرويد ، سيجموند | |
| 245 | 1 | 0 |
_aتفسير الاحلام / _cفرويد ، سيجموند |
| 700 | 1 | _aخليل حنا تادرس | |
| 260 |
_a[S.N] : _bلجنة الاعلام والدراسات المستقبلية |
||
| 300 | _a144 ص | ||
| 490 | _a | ||
| 650 | 0 | 4 | _aعلم النفس |
| 650 | 0 | 4 | _aالاحلام - تفسير |
| 942 |
_2ddc _cBK |
||
| 999 |
_c53925 _d53925 |
||